[Event "Let's Play Chess!"]
[Site "http://www.queenalice.com/game.php?id=1023996"]
[Date "2012.2.1"]
[Round "-"]
[White "jijivisha"]
[Black "Piazzolero"]
[Result "0-1"]
[WhiteElo "1413"]
[BlackElo "1485"]

1. d4 d5 2. Nc3 e6 3. e4 dxe4 4. Be3 Nf6 5. Bg5 h6 6. Bxf6 Qxf6 7. Qd2 Qg6 8.
O-O-O Nc6 9. Nb5 Bd6 10. Nxd6+ cxd6 11. f3 exf3 12. Nxf3 f6 13. Nh4 Qe4 14. Nf3
e5 15. dxe5 dxe5 0-1

[Event "AUTO-INT-2236"]
[Site "http://www.queenalice.com/game.php?id=1024072"]
[Date "2012.2.1"]
[Round "1"]
[White "lawyerplayer"]
[Black "jijivisha"]
[Result "1-0"]
[WhiteElo "1961"]
[BlackElo "1399"]

1. e4 c5 2. Nf3 Nc6 3. d4 e6 4. d5 Nce7 5. c4 d6 6. Bd3 Nf6 7. O-O g6 8. Nc3 Bg7
9. dxe6 fxe6 10. e5 dxe5 11. Nxe5 O-O 12. Be3 Nc6 13. Nxc6 bxc6 14. Bxc5 Re8 15.
Qf3 Ng4 16. Qxc6 Bd7 17. Qe4 Nf6 18. Qe2 Rc8 19. Bxa7 Ra8 20. Be3 e5 21. Ne4
Nxe4 22. Bxe4 Ra6 23. b4 Ra4 24. a3 Qh4 25. Bd5+ Kh8 26. c5 e4 27. Ra2 1-0

[Event "AUTO-INT-2236"]
[Site "http://www.queenalice.com/game.php?id=1024073"]
[Date "2012.2.1"]
[Round "1"]
[White "jijivisha"]
[Black "lawyerplayer"]
[Result "0-1"]
[WhiteElo "1397"]
[BlackElo "1963"]

1. e4 c5 2. Bc4 a6 3. Nf3 e6 4. Nc3 b5 5. Be2 Bb7 6. a3 Nf6 7. O-O Nxe4 8. Nxe4
Bxe4 9. d3 Bb7 10. c4 Be7 11. Ne5 d6 12. Bf3 Qc7 13. Bxb7 Qxb7 14. b4 dxe5 15.
f4 exf4 16. Bxf4 Bf6 17. Ra2 O-O 18. Raf2 Bd4 19. Qg4 Bxf2+ 20. Rxf2 Qe7 21. Bh6
f6 22. Qf3 Nd7 23. Be3 bxc4 24. dxc4 cxb4 25. axb4 Qxb4 26. Rf1 Qxc4 27. Qg3 Ne5
0-1

[Event "AUTO-INT-2236"]
[Site "http://www.queenalice.com/game.php?id=1024086"]
[Date "2012.2.1"]
[Round "1"]
[White "jijivisha"]
[Black "fitforlife"]
[Result "0-1"]
[WhiteElo "1455"]
[BlackElo "1767"]

1. e4 c5 2. Bc4 Nc6 3. Qf3 e6 4. Ne2 g6 5. O-O Bg7 6. c3 Ne5 7. Qe3 Nxc4 8. Qxc5
Nb6 9. Na3 Nf6 10. e5 Nfd5 11. Nb5 Bxe5 12. d4 d6 13. Qa3 Bd7 14. dxe5 Bxb5 15.
exd6 Bxe2 16. Re1 Bb5 17. b3 Nxc3 18. Bb2 Nbd5 19. Bxc3 Nxc3 0-1

[Event "AUTO-INT-2236"]
[Site "http://www.queenalice.com/game.php?id=1024087"]
[Date "2012.2.1"]
[Round "1"]
[White "fitforlife"]
[Black "jijivisha"]
[Result "1-0"]
[WhiteElo "1760"]
[BlackElo "1459"]

1. Nf3 Nc6 2. d4 d5 3. c4 dxc4 4. Nc3 Nf6 5. e3 Bg4 6. Bxc4 e6 7. O-O Bd6 8. e4
Bxf3 9. gxf3 Nh5 10. e5 Bb4 11. f4 Nxd4 12. Qxh5 O-O 13. Be3 g6 14. Qg4 f5 15.
exf6 Qxf6 16. Ne4 Qf7 17. Bxd4 b6 18. Bxe6 1-0

[Event "AUTO-INT-2236"]
[Site "http://www.queenalice.com/game.php?id=1024088"]
[Date "2012.2.1"]
[Round "1"]
[White "jijivisha"]
[Black "carpielo"]
[Result "0-1"]
[WhiteElo "1438"]
[BlackElo "1651"]

1. d4 d5 2. Nf3 e6 3. Nc3 Nf6 4. Bg5 Be7 5. h3 O-O 6. e3 Ne4 7. Bxe7 Qxe7 8.
Nxe4 dxe4 9. Ne5 c5 10. Bc4 Nc6 11. Nxc6 bxc6 12. O-O e5 13. c3 Rd8 14. Qe2 cxd4
15. exd4 exd4 16. cxd4 a5 17. f4 Rxd4 18. Rae1 c5 19. f5 Bxf5 20. Rxf5 Rf8 21.
Ref1 e3 22. Bxf7+ Kh8 23. R1f3 Rd2 24. Qxe3 Rd1+ 25. Kh2 Qxe3 26. Rxe3 g6 27.
Rf6 Kg7 28. Ref3 Re1 29. g4 Re2+ 0-1

[Event "AUTO-INT-2236"]
[Site "http://www.queenalice.com/game.php?id=1024089"]
[Date "2012.2.1"]
[Round "1"]
[White "carpielo"]
[Black "jijivisha"]
[Result "1-0"]
[WhiteElo "1643"]
[BlackElo "1446"]

1. e4 e5 2. Nf3 Nc6 3. d4 exd4 4. Nxd4 Nxd4 5. Qxd4 Ne7 6. e5 Nc6 7. Qf4 Be7 8.
Bc4 O-O 9. O-O Nb4 10. Na3 d5 11. Bd3 Nxd3 12. cxd3 c5 13. Qg3 g6 14. Bh6 Re8
15. Nc2 d4 16. b4 b6 17. a3 f5 18. bxc5 bxc5 19. Rab1 Be6 20. f4 c4 21. dxc4 d3
22. Nb4 Bxb4 23. Rxb4 d2 24. Rd1 Qd4+ 25. Kf1 Bxc4+ 26. Rxc4 Qxc4+ 27. Kg1 Red8
28. Bg5 Qc1 29. Qb3+ Kg7 30. Bf6+ 1-0

[Event "AUTO-OPEN-2592"]
[Site "http://www.queenalice.com/game.php?id=1024303"]
[Date "2012.2.1"]
[Round "1"]
[White "Sambafor"]
[Black "jijivisha"]
[Result "1-0"]
[WhiteElo "2190"]
[BlackElo "1395"]

1. d4 e6 2. c4 b6 3. Nc3 Bb7 4. e4 Bb4 5. Bd3 Ne7 6. Ne2 d5 7. cxd5 exd5 8. e5
O-O 9. O-O Bc8 10. f4 Nf5 11. a3 Be7 12. Bxf5 Bxf5 13. b4 a5 14. b5 c6 15. a4 h6
16. h3 c5 17. Be3 Nd7 18. Nxd5 Bh4 19. Kh2 Rc8 20. g3 Be7 21. Nxe7+ Qxe7 22. g4
Be4 23. Ng3 cxd4 24. Bxd4 Qb4 25. Nxe4 Rc4 26. Bc3 1-0

[Event "AUTO-OPEN-2592"]
[Site "http://www.queenalice.com/game.php?id=1024304"]
[Date "2012.2.1"]
[Round "1"]
[White "jijivisha"]
[Black "Sambafor"]
[Result "0-1"]
[WhiteElo "1474"]
[BlackElo "2189"]

1. e4 g6 2. d4 Bg7 3. Nf3 d6 4. Nc3 Nc6 5. Bb5 Bd7 6. O-O e5 7. Bxc6 Bxc6 8. d5
Bd7 9. h3 h6 10. a3 f5 11. exf5 Bxf5 12. Re1 Nf6 13. g4 Bd7 14. Ne4 O-O 15. g5
Nxe4 16. gxh6 Bf6 17. Kh2 Nxf2 18. Ng1 Nxd1 19. Rxd1 Bf5 20. c3 Bg5 21. Bxg5
Qxg5 0-1

[Event "AUTO-OPEN-2592"]
[Site "http://www.queenalice.com/game.php?id=1024323"]
[Date "2012.2.1"]
[Round "1"]
[White "jijivisha"]
[Black "Betim_Xadrez"]
[Result "0-1"]
[WhiteElo "1472"]
[BlackElo "1770"]

1. e3 e5 2. d4 exd4 3. exd4 d5 4. Bf4 Nf6 5. Nc3 a6 6. Nf3 Nc6 7. Be2 Bb4 8. O-O
O-O 9. Qd3 Re8 10. a3 Bxc3 11. bxc3 Bg4 12. h3 Bh5 13. g4 Bg6 14. Ne5 Bxd3 15.
Bxd3 Nxe5 16. Bxe5 Ne4 17. Bxe4 dxe4 0-1

[Event "AUTO-OPEN-2592"]
[Site "http://www.queenalice.com/game.php?id=1024324"]
[Date "2012.2.1"]
[Round "1"]
[White "Betim_Xadrez"]
[Black "jijivisha"]
[Result "0-1"]
[WhiteElo "1759"]
[BlackElo "1459"]

1. e4 e5 2. Nf3 Nf6 3. Nxe5 d6 4. Nf3 Nxe4 5. d3 Nf6 6. Nc3 Nc6 7. Be2 Be7 8.
O-O O-O 9. Bg5 h6 10. Bh4 g5 11. Bxg5 hxg5 12. Nxg5 Ne8 13. Nf3 Ng7 14. Nd5 Bg5
15. Nxg5 Qxg5 16. Bf3 Nd4 17. Nxc7 Nxf3+ 18. Qxf3 Be6 19. Nxa8 Rxa8 20. Rfe1 Re8
21. g3 Bd5 0-1

[Event "AUTO-INT-2260"]
[Site "http://www.queenalice.com/game.php?id=1033483"]
[Date "2012.2.26"]
[Round "1"]
[White "oratio"]
[Black "jijivisha"]
[Result "1-0"]
[WhiteElo "1415"]
[BlackElo "1431"]

1. e4 Nc6 2. Nf3 e5 3. Bc4 h6 4. c3 Nf6 5. d4 d6 6. O-O Bg4 7. Qb3 Bxf3 8. gxf3
Rb8 9. Be3 Be7 10. Nd2 O-O 11. Rfe1 1-0

[Event "AUTO-INT-2260"]
[Site "http://www.queenalice.com/game.php?id=1033484"]
[Date "2012.2.26"]
[Round "1"]
[White "jijivisha"]
[Black "oratio"]
[Result "0-1"]
[WhiteElo "1414"]
[BlackElo "1432"]

1. d4 Nf6 2. c4 d5 3. e3 e6 4. Nf3 c5 5. Ne5 Bd6 6. cxd5 O-O 7. Nc3 exd5 8. Nf3
Re8 9. Bd3 Nc6 10. O-O Bg4 0-1

[Event "AUTO-INT-2260"]
[Site "http://www.queenalice.com/game.php?id=1033497"]
[Date "2012.2.26"]
[Round "1"]
[White "Arwan"]
[Black "jijivisha"]
[Result "1-0"]
[WhiteElo "1709"]
[BlackElo "1480"]

1. e4 c5 2. Nf3 Nc6 3. d4 d5 4. Nc3 e6 5. Bb5 Bd7 6. O-O a6 7. Be2 Nxd4 8. Nxd4
cxd4 9. Qxd4 Nf6 10. Bg5 Be7 11. e5 1-0

[Event "AUTO-INT-2260"]
[Site "http://www.queenalice.com/game.php?id=1033498"]
[Date "2012.2.26"]
[Round "1"]
[White "jijivisha"]
[Black "Arwan"]
[Result "0-1"]
[WhiteElo "1487"]
[BlackElo "1702"]

1. e4 e5 2. f4 exf4 3. Nf3 g5 4. Bc4 Qe7 5. O-O Bg7 6. Nc3 Qc5+ 7. d4 Qxc4 8.
Nxg5 d6 9. Bxf4 Bxd4+ 10. Kh1 Nc6 0-1

[Event "AUTO-INT-2260"]
[Site "http://www.queenalice.com/game.php?id=1033505"]
[Date "2012.2.26"]
[Round "1"]
[White "santiaguinoazul"]
[Black "jijivisha"]
[Result "1-0"]
[WhiteElo "1713"]
[BlackElo "1473"]

1. e4 c5 2. c4 Nc6 3. Nf3 g6 4. Nc3 Bg7 5. d3 Bxc3+ 6. bxc3 e5 7. Ba3 Qa5 8. Qc1
Nd4 9. Nxd4 cxd4 10. Bb4 Qb6 11. Qg5 1-0

[Event "AUTO-INT-2260"]
[Site "http://www.queenalice.com/game.php?id=1033506"]
[Date "2012.2.26"]
[Round "1"]
[White "jijivisha"]
[Black "santiaguinoazul"]
[Result "0-1"]
[WhiteElo "1467"]
[BlackElo "1719"]

1. d4 d5 2. Nf3 Nc6 3. Nc3 Bg4 4. h3 Bxf3 5. exf3 e5 6. Be2 Nxd4 7. O-O h6 8. f4
Bd6 9. Nxd5 e4 10. Qxd4 f6 0-1

[Event "AUTO-OPEN-2621"]
[Site "http://www.queenalice.com/game.php?id=1033825"]
[Date "2012.2.28"]
[Round "1"]
[White "Warner"]
[Black "jijivisha"]
[Result "1-0"]
[WhiteElo "1785"]
[BlackElo "1451"]

1. d4 Nf6 2. c4 e6 3. e3 d5 4. cxd5 exd5 5. Nf3 Nc6 6. Nc3 Bg4 7. Be2 Bd6 8. O-O
O-O 9. Qb3 b6 10. Re1 Ne4 11. Qb5 Qd7 12. Nxd5 a6 13. Qd3 Bxf3 14. Bxf3 1-0

[Event "AUTO-OPEN-2621"]
[Site "http://www.queenalice.com/game.php?id=1033826"]
[Date "2012.2.28"]
[Round "1"]
[White "jijivisha"]
[Black "Warner"]
[Result "0-1"]
[WhiteElo "1448"]
[BlackElo "1788"]

1. d4 d5 2. Nc3 e6 3. Nf3 Nf6 4. Bg5 Be7 5. Bxf6 Bxf6 6. e4 dxe4 7. Nxe4 O-O 8.
Nxf6+ Qxf6 9. Bd3 Nc6 10. O-O Nxd4 11. Nxd4 g6 12. c3 b6 13. h3 Bb7 14. Qd2 Rfd8
0-1